| 000 | 00771nam a2200253Ia 4500 | ||
|---|---|---|---|
| 003 | OSt | ||
| 005 | 20220918170952.0 | ||
| 006 | a|||||r|||| 00| 0 | ||
| 007 | ta | ||
| 008 | 220917b |||||||| |||| 00| 0 eng d | ||
| 020 |
_a9781107440005 (pbk) _c395 |
||
| 024 | _a281,672 | ||
| 037 |
_b903, 25/07/2014, Bright Book Service _cTextual |
||
| 040 |
_aARTS _cARTS _beng |
||
| 041 |
_2eng _aeng |
||
| 082 | _aV63y7N18, Q4 | ||
| 100 |
_aBarnard Rita Ed. _932757 |
||
| 245 | 0 | _aCambride companion to Nelson Mandela | |
| 260 |
_aDelhi _bCambridge Univesity Press India _c2014 |
||
| 300 |
_axxxi, 317p. _ccm. |
||
| 650 | _aHISTORY | ||
| 942 |
_hV63y7N18, Q4 _cTEXL _2CC |
||
| 999 |
_c137016 _d137016 |
||